| 000 | 00000nam##2200000za#4500 |
| 001 | 9.587710 |
| 003 | CaOODSP |
| 005 | 20210624194751 |
| 007 | cr ||||||||||| |
| 008 | 150406|2007||||xxc|||||o f|0| 0 fre|d |
| 022 | |a1701-1280 |
| 040 | |aCaOODSP|bfre |
| 041 | |aeng |
| 041 | |afre |
| 043 | |an-cn--- |
| 086 | 1 |aFs70-4/2007-029-PDF |
| 110 | 1 |aCanada. |bMinistère des pêches et des océans. |
| 245 | 10|aCompte rendu de l'examen par les pairs des stocks de poisson de fond du sud du golfe du Saint-Laurent, Région du Golfe : |h[ressource électronique]|bdu 21 au 23 février 2006, Centre des pêches du Golfe, Moncton (Nouveau-Brunswick) / |c[par] David Cairns. |
| 260 | |aOttawa - Ontario : |bPêches et Océans Canada |cSeptembre 2007. |
| 300 | |a43p.|btableaux |
| 490 | 1 |aSecrétariat canadien de consultation scientifique, série des comptes rendus|x1701-1280|v2007/029 |
| 590 | |a11-32-Supp|b2011-12-20 |
| 720 | 1 |aCairns, David |
| 791 | |tProceedings of the peer review for the Southern Gulf of St. Lawrence groundfish stocks, Gulf region : |eeng|w(CaOODSP)9.587709 |
| 830 | #0|aCompte rendu (Secrétariat canadien de consultation scientifique)|x1701-1280|v2007/029|w(CaOODSP)9.500508 |
| 856 | 40|ahttp://publications.gc.ca|qPDF|s277 Ko|uhttps://publications.gc.ca/collections/collection_2011/mpo-dfo/Fs70-4-2007-029.pdf|y2007/029 |